| 000 | 00981nam a2200265 a 4500 | ||
|---|---|---|---|
| 001 | 000020670 | ||
| 003 | DO-SdBNP | ||
| 005 | 20240412074249.0 | ||
| 007 | ta | ||
| 008 | 100812s2019 dr 000 0 spa d | ||
| 020 | _a9789945614183 | ||
| 040 |
_aDO-SdBNP _bspa _cBNPHU |
||
| 041 | _hspa | ||
| 082 | 4 |
_aRD863.5 _bM632r _222 |
|
| 100 | 1 |
_aMieses, Juan Carlos, _d1947- _925472 |
|
| 245 | 1 | 3 |
_aLa resurrección del Dr. Blagger y otras narraciones / _cJuan Carlos Mieses. |
| 260 |
_aSanto Domingo : _bSantuario, _c2019. |
||
| 300 |
_a115 p. ; _c23 cm. |
||
| 505 | 0 |
_aVilla Consuelo: tierra cero -- _tLa resurrección del doctor Blagger -- _tMexía, o el último de los quisqueyanos -- _tEl testimonio de Sorianus -- _tNoti-Tierra -- _tNertty, mon amour -- _tLa saga de Aargh -- _tEl monstruo -- |
|
| 590 | _aInventariado, 2020 /LP | ||
| 650 | 4 |
_97308 _aCuentos dominicanos |
|
| 650 | 0 |
_aLiteratura dominicana. _967 |
|
| 910 | _aValidado. Control de calidad. MAA | ||
| 942 |
_2ddc _cLBS1 |
||
| 999 |
_c20174 _d20174 |
||